| 000 | 01005nam a2200253 a 4500 | ||
|---|---|---|---|
| 001 | 78542 | ||
| 003 | BD-RjUL | ||
| 005 | 20211209083136.0 | ||
| 008 | 211003s2006 bg a|||| m||| 00| 0 eng d | ||
| 035 | _a(BD-RjUL) 78768 | ||
| 040 |
_aBD-RjUL _beng _cBD-RjUL _dBD-RjUL |
||
| 082 |
_a155.8095492 _bKHS 2006 _223 |
||
| 100 |
_aKhatun, Mst. Hasmat Ara _9178499 |
||
| 245 | 1 | 2 |
_aA Study on fraternal Relative Deprivation Of Minority Groups In Bangladesh / _cby Mst. Hasmat Ara Khatun ; _6Supervisor : M. Mozammel, Huq |
| 260 |
_aRajshahi : _bDepartment of Psychology, University of Rajshahi, _c2006 |
||
| 300 |
_axii, 165 leaves : _bill ; _c29 cm. |
||
| 502 | _aThesis (Ph. D.) -- Department Of Psychology, University of Rajshahi, 2006 | ||
| 504 | _aReference : Leaves 124 - 153 | ||
| 650 |
_aEthnopsychology _xSocial aspects _z Bangladesh _9249098 |
||
| 650 |
_aSocial psychology _9249099 |
||
| 650 |
_aIntergroup relations. _9249097 |
||
| 700 |
_aHuq, M. Mozammel, Supervisor _9248826 |
||
| 942 |
_2ddc _cTHE |
||
| 999 |
_c78542 _d78542 |
||